000 00987nam a2200253 i 4500
001 175256
003 ES-MaACL
005 20250806062543.0
007 t|
008 101018s1970 sp f ||||1| spa d
080 _a725.13(460.27 M.)
100 0 _aCorral, José del,
_d1916-2011
_940714
245 1 4 _aLas casas de la villa de Madrid /
_cpor José del Corral.
260 _aMadrid :
_bAyuntamiento de Madrid, Delegación de Educación :
_bInstituto de Estudios Madrileños,
_c1970.
300 _a34, [2] p. , [10] h. de lám. ;
_c22 cm.
490 1 _aCiclo de conferencias sobre monumentos madrileños ;
_v4
610 2 4 _aCasa de la Villa-
_z(Madrid)
_9143650
610 2 4 _aCasa de Cisneros-
_z(Madrid)
_9143651
610 1 4 _aMadrid.
_bAyuntamiento-
_xEdificios.
_9143649
710 2 _aInstituto de Estudios Madrileños
_94916
830 0 _aCiclo de conferencias sobre monumentos madrileños ;
_v4
_9189598
852 _aES-MaACL
_j2258-F-4
_xOlim P-53
999 _c175256
_d175256